Robert Jordan Bibliography - Statistics

General Stats
  • This quiz has been taken 8 times
  • The average score is 23 of 39
Answer Stats
Type Year Name % Correct
Novel 1996 A Crown of Swords
100%
Novel 2013 A Memory of Light
100%
Novel 2003 Crossroads of Twilight
100%
Novel 2005 Knife of Dreams
100%
Novel 1994 Lord of Chaos
100%
Novella 1998 New Spring
100%
Novel 2004 New Spring
100%
Novel 1991 The Dragon Reborn
100%
Novel 1990 The Eye of the World
100%
Novel 1993 The Fires of Heaven
100%
Novel 2009 The Gathering Storm
100%
Novel 1990 The Great Hunt
100%
Novel 1998 The Path of Daggers
100%
Novel 1992 The Shadow Rising
100%
Novel 2010 Towers of Midnight
100%
Novel 2000 Winter's Heart
100%
Unpublished Novel N/A Warriors of the Altaii
67%
Novel 1982 Cheyenne Raiders
33%
Novel 1982 Conan the Defender
33%
Novel 1984 Conan the Destroyer
33%
Novel 1982 Conan the Invincible
33%
Novel 1984 Conan the Magnificent
33%
Novel 1983 Conan the Triumphant
33%
Novel 1983 Conan the Unconquered
33%
Novel 1984 Conan the Victorious
33%
Novella 1995 From the Two Rivers
33%
Unpublished Novel N/A Infinity of Heaven
33%
Novella 2004 New Threads in the Pattern
33%
Omnibus 1995 The Conan Chronicles
33%
Omnibus 1997 The Conan Chronicles II
33%
Novel 1980 The Fallon Blood
33%
Novel 1982 The Fallon Legacy
33%
Novel 1981 The Fallon Pride
33%
Novella 2004 The Hunt Begins
33%
Reference Book 1997 The World of Robert Jordan's the Wheel of Time
33%
Novella 2002 To the Blight
33%
Prologue 1995 Ravens
0%
Omnibus 1999 The Further Chronicles of Conan
0%
Short Story 1996 The Strike at Shayol Ghul
0%
No matching quizzes found
Score Distribution
Percent of People with Each Score
Percentile by Number Answered
Your Score History
You have not taken this quiz